000 00205nam a2200085 4500
001 1255171
005 20251205125235.0
245 _aKÜL KEDİSİ SİNDİRELLA
_cŞEBNEM GÜVENÇER
260 _bTİMAŞ YAYINLARI
999 _c1255171
_d1255171